000 00533nam a2200205Ia 4500
005 20250923144958.0
008 008 250917s9999 xx 000 0 eng d
037 _aTextual
040 _aDSWL
_beng
_cDSWL
041 _aeng
_2eng
084 _aY2, N64
_qDSWL
100 _aWynn, M.
_9830499
245 0 _aFatherless Families
_cby M. Wynn
260 _aLondon
_bMichael Joseph
_c1964
300 _a212 p.
365 _aINR
_b25
925 _g25
942 _cTEXL
_hY2, N64
999 _c1445621
_d1445621